[Event "37th ECC Women 2022"]
[Site "Mayrhofen AUT"]
[Date "2022.10.06"]
[Round "4.6"]
[Board "1"]
[White "Muzychuk, Mariya"]
[Black "Krasteva, Beloslava"]
[Result "1-0"]
[WhiteTitle "GM"]
[BlackTitle "FM"]
[WhiteElo "2527"]
[BlackElo "2287"]
[WhiteTeam "TAJFUN - SK Ljubljana"]
[BlackTeam "Gambit Asseco See"]
[WhiteFideId "14114550"]
[BlackFideId "2922029"]
[EventDate "2022.10.03"]

1. e4 c5 2. c3 d5 3. exd5 Qxd5 4. d4 Nf6 5. Nf3 e6 6. Na3 Nc6 7. Be3 cxd4 8. Nb5
Qd7 9. Nbxd4 a6 10. Nxc6 Qxc6 11. Bd3 Be7 12. Qe2 O-O 13. O-O-O Qc7 14. Bd4 Nd5
15. Be5 Qa5 16. Kb1 Rd8 17. Qe4 g6 18. h4 Nf6 19. Qe2 h5 20. Bd4 Ng4 21. Nd2 Qc7
22. Nc4 Bc5 23. f3 Bxd4 24. fxg4 Bg7 25. gxh5 gxh5 26. Qxh5 f5 27. Qg5 b5 28.
Ne5 Bb7 29. Rhe1 Rd5 30. Ng6 Kf7 31. Nf4 Re5 32. Qg6+ Kg8 33. Nxe6 Qf7 34. Qxg7+
Qxg7 35. Nxg7 1-0

[Event "37th ECC Women 2022"]
[Site "Mayrhofen AUT"]
[Date "2022.10.06"]
[Round "4.6"]
[Board "2"]
[White "Radeva, Viktoria"]
[Black "Unuk, Laura"]
[Result "1/2-1/2"]
[WhiteTitle "WGM"]
[BlackTitle "IM"]
[WhiteElo "2263"]
[BlackElo "2297"]
[WhiteTeam "Gambit Asseco See"]
[BlackTeam "TAJFUN - SK Ljubljana"]
[WhiteFideId "2915405"]
[BlackFideId "14609215"]
[EventDate "2022.10.03"]

1. e4 e5 2. Nf3 Nc6 3. Nc3 Nf6 4. d4 exd4 5. Nxd4 Bb4 6. Nxc6 bxc6 7. Bd3 O-O 8.
O-O d5 9. Bd2 Rb8 10. Qf3 Bg4 11. Qf4 Qd7 12. h3 dxe4 13. Nxe4 Nxe4 14. Qxe4 Bf5
15. Qxf5 Qxf5 16. Bxf5 Bxd2 17. Rad1 Rfd8 18. b3 Kf8 19. Be4 c5 20. Bd3 Bc3 21.
g4 Rd6 22. Kg2 h6 23. f4 Re8 24. Bc4 Bd2 25. Bd3 Bc3 26. Bc4 Bd2 27. Bd3 Bc3 28.
Bc4 1/2-1/2

[Event "37th ECC Women 2022"]
[Site "Mayrhofen AUT"]
[Date "2022.10.06"]
[Round "4.6"]
[Board "3"]
[White "Urh, Zala"]
[Black "Djukic, Sandra"]
[Result "1-0"]
[WhiteTitle "WIM"]
[BlackTitle "WIM"]
[WhiteElo "2221"]
[BlackElo "2138"]
[WhiteTeam "TAJFUN - SK Ljubljana"]
[BlackTeam "Gambit Asseco See"]
[WhiteFideId "14611481"]
[BlackFideId "931390"]
[EventDate "2022.10.03"]

1. d4 Nf6 2. c4 c5 3. d5 b5 4. Nf3 g6 5. Qc2 bxc4 6. e4 Bg7 7. Bxc4 d6 8. O-O
O-O 9. h3 a5 10. Bf4 Na6 11. a3 Nc7 12. Nc3 Ba6 13. Nd2 Nd7 14. Bh2 Qc8 15. Bxa6
Qxa6 16. a4 Ne5 17. Bxe5 Bxe5 18. b3 Qb7 19. Nc4 Bd4 20. Rab1 f5 21. Ne2 Bg7 22.
Rfd1 f4 23. f3 g5 24. e5 dxe5 25. d6 Ne6 26. dxe7 Qxe7 27. Qe4 Rfd8 28. Rxd8+
Rxd8 29. Nxa5 Rd2 30. Nc4 Rd8 31. a5 Nd4 32. Nc3 Qe6 33. Qb7 h5 34. a6 g4 35. a7
Qc6 36. Qxc6 Nxc6 37. Nb5 e4 38. fxe4 g3 39. Nb6 Nxa7 40. Nxa7 Rd2 41. Nb5 Re2
42. Nc4 Rxe4 43. Kf1 Re8 44. Nbd6 Ra8 45. Ne4 Ra2 46. Ned2 Bc3 47. Rd1 Kg7 48.
Ke2 Kf6 49. Kf3 Kf5 50. Nd6+ Ke5 51. N2c4+ Ke6 52. Ne4 Bb4 53. h4 Kf5 54. Rd5+
Ke6 55. Rxh5 1-0

[Event "37th ECC Women 2022"]
[Site "Mayrhofen AUT"]
[Date "2022.10.06"]
[Round "4.6"]
[Board "4"]
[White "Manova, Ivana"]
[Black "Vidic, Teja"]
[Result "0-1"]
[BlackTitle "WIM"]
[WhiteElo "1876"]
[BlackElo "2126"]
[WhiteTeam "Gambit Asseco See"]
[BlackTeam "TAJFUN - SK Ljubljana"]
[WhiteFideId "15003590"]
[BlackFideId "14605511"]
[EventDate "2022.10.03"]

1. e4 e5 2. Nf3 Nc6 3. Nc3 Nf6 4. d4 exd4 5. Nxd4 Bb4 6. Nxc6 bxc6 7. Bd3 O-O 8.
O-O d5 9. exd5 cxd5 10. h3 c6 11. Qf3 Re8 12. Bg5 h6 13. Bxf6 Qxf6 14. Qxf6 gxf6
15. Ne2 Rb8 16. Rad1 a5 17. Ng3 Bd6 18. b3 Bb4 19. c4 d4 20. Bf5 c5 21. Bxc8
Rbxc8 22. Nh5 Re2 23. Nxf6+ Kg7 24. Nh5+ Kf8 25. a4 Bc3 26. Rb1 Rb8 27. Nf4 Rb2
28. Rxb2 Bxb2 29. Rb1 Rxb3 30. Kf1 d3 31. Nd5 Ra3 32. f4 Bd4 33. f5 Ra2 34. Rd1
Rxa4 35. Rxd3 Rxc4 36. Ra3 Rc2 37. g4 Rf2+ 38. Ke1 Rh2 39. Nf4 Ke7 40. Kd1 Kd6
41. Rxa5 Ke5 42. Nd3+ Kd5 43. Ra6 Ke4 44. Ra3 c4 45. Ne1 c3 46. Ra4 Rxh3 47. Nc2
Rh1+ 48. Ke2 Rh2+ 49. Kd1 Rd2+ 50. Kc1 f6 51. Nxd4 Rxd4 52. Ra6 h5 53. gxh5 Kxf5
54. Kc2 Rc4 55. Ra5+ Kg4 56. h6 Rc7 57. Ra8 Kg5 58. h7 Rxh7 59. Kxc3 Rd7 60.
Rg8+ Kf4 61. Rf8 f5 62. Rf6 Ke4 63. Re6+ Kf3 0-1

[Event "37th ECC Women 2022"]
[Site "Mayrhofen AUT"]
[Date "2022.10.06"]
[Round "4.7"]
[Board "1"]
[White "Eric, Jovana"]
[Black "Enkhtuul, Altan-Ulzii"]
[Result "1-0"]
[WhiteTitle "WGM"]
[BlackTitle "WGM"]
[WhiteElo "2252"]
[BlackElo "2295"]
[WhiteTeam "Sirmium"]
[BlackTeam "Philidor Mulhouse"]
[WhiteFideId "938238"]
[BlackFideId "4901444"]
[EventDate "2022.10.03"]

1. e4 e6 2. d4 d5 3. Nc3 Nf6 4. e5 Nfd7 5. f4 c5 6. Nf3 Nc6 7. Be3 a6 8. Qd2 b5
9. dxc5 Bxc5 10. Bd3 Qb6 11. Bf2 Bxf2+ 12. Qxf2 Qxf2+ 13. Kxf2 Nc5 14. Ne2 O-O
15. Ned4 Nxd4 16. Nxd4 f6 17. Ke3 Bd7 18. g4 Rae8 19. h4 Bc8 20. Rhf1 Bb7 21. g5
fxe5 22. fxe5 Rxf1 23. Rxf1 Nd7 24. Nf3 Rf8 25. h5 Bc8 26. c3 Bb7 27. Nd4 Rxf1
28. Bxf1 Kf7 29. Bh3 Nf8 30. Nb3 Ke7 31. Kd4 Kd8 32. Nc5 Bc8 33. b4 Kc7 34. a4
bxa4 35. Nxa4 Kc6 36. Nc5 Kb6 37. h6 g6 38. Bf1 Ka7 39. Bd3 Kb6 40. Na4+ Kc6 41.
Nb2 Kc7 42. Nd1 Kb6 43. Nf2 Bd7 44. Ng4 Bb5 45. Bc2 Bf1 46. Nf6 Bg2 47. Ba4 Kc7
48. Be8 Bh1 49. Bf7 Kd8 50. Bg8 Ke7 51. Bxh7 Nxh7 52. Nxh7 Bf3 53. Nf6 Kf7 54.
Kc5 Be2 55. Kb6 Bb5 56. Kc7 Be2 57. Nd7 Bb5 58. Nc5 Bc4 59. Kb6 1-0

[Event "37th ECC Women 2022"]
[Site "Mayrhofen AUT"]
[Date "2022.10.06"]
[Round "4.7"]
[Board "2"]
[White "Klek, Hanna Marie"]
[Black "Blagojevic, Tijana"]
[Result "1-0"]
[WhiteTitle "WGM"]
[BlackTitle "WIM"]
[WhiteElo "2301"]
[BlackElo "2266"]
[WhiteTeam "Philidor Mulhouse"]
[BlackTeam "Sirmium"]
[WhiteFideId "24670057"]
[BlackFideId "16500270"]
[EventDate "2022.10.03"]

1. e4 e5 2. Nf3 Nc6 3. Bc4 d6 4. d4 Nf6 5. Ng5 d5 6. dxe5 dxc4 7. Qxd8+ Nxd8 8.
exf6 gxf6 9. Nf3 Nc6 10. Bf4 Nb4 11. Kd1 Bc5 12. Bxc7 Bxf2 13. Bd6 Na6 14. Nc3
Be6 15. Ke2 Bb6 16. Rad1 Rg8 17. g3 O-O-O 18. Be7 Rxd1 19. Rxd1 f5 20. e5 f4 21.
Bg5 fxg3 22. hxg3 f6 23. exf6 Bg4 24. f7 Rf8 25. Ne4 Bc7 26. Rd4 Rxf7 27. Nd6+
Bxd6 28. Rxg4 Rc7 29. Bf6 Nb4 30. Rg8+ Kd7 31. Nd4 Rc8 32. Rg7+ Ke8 33. Rxh7 Rc7
34. Rxc7 Bxc7 35. a3 Nd5 36. Bh4 Be5 37. c3 Nb6 38. Kd2 Na4 39. Kc2 Nc5 40. Nf3
Bd6 41. g4 a5 42. Bf2 Nd7 43. a4 Bf4 44. Bd4 Kf7 45. Nd2 Kg6 46. Nxc4 Bc7 47.
Be3 Nf6 48. g5 Nd5 49. Kd3 Bd8 50. Ke4 Nxe3 51. Kxe3 Bxg5+ 52. Ke4 Bd8 53. Kd5 1-0

[Event "37th ECC Women 2022"]
[Site "Mayrhofen AUT"]
[Date "2022.10.06"]
[Round "4.7"]
[Board "3"]
[White "Gajcin, Marina"]
[Black "Navrotescu, Andreea"]
[Result "1-0"]
[WhiteTitle "WIM"]
[BlackTitle "WGM"]
[WhiteElo "2228"]
[BlackElo "2287"]
[WhiteTeam "Sirmium"]
[BlackTeam "Philidor Mulhouse"]
[WhiteFideId "949086"]
[BlackFideId "675946"]
[EventDate "2022.10.03"]

1. e4 c5 2. Nf3 e6 3. d4 cxd4 4. Nxd4 Nf6 5. Nc3 Nc6 6. Ndb5 Bc5 7. Bf4 O-O 8.
Bc7 Qe7 9. Bd6 Bxd6 10. Qxd6 Qd8 11. Qd2 a6 12. Nd6 b5 13. a3 Qb6 14. Be2 Bb7
15. Nxb7 Qxb7 16. O-O Rfd8 17. Bd3 d6 18. Kh1 e5 19. Nd5 Nxd5 20. exd5 Ne7 21.
Rfd1 Rac8 22. c3 Rc5 23. Be4 f5 24. Bc2 Kh8 25. Qg5 Rf8 26. Rd3 Rf6 27. Rad1 Rg6
28. Qd2 Rc4 29. Rg3 Rxg3 30. hxg3 Rg4 31. Kg1 Qb6 32. Qd3 g6 33. Kf1 Ng8 34. Qd2
Kg7 35. Ra1 Nf6 36. Bd1 Rc4 37. Bb3 Rc7 38. a4 Ne4 39. Qe2 Rf7 40. Bc2 Nf6 41.
Rd1 Nh5 42. Rd3 e4 43. Rd4 Qc5 44. Qe3 Nf6 45. b4 Qc8 46. c4 bxc4 47. Qc3 Rc7
48. Bd1 g5 49. Be2 Kg6 50. Rxc4 Nxd5 51. Rxc7 Qxc7 52. Qd2 Nc3 53. Bxa6 Nxa4 54.
Bb5 Nc3 55. Be8+ Kg7 56. Qd4+ Kf8 57. Qh8+ Ke7 58. Qxh7+ Kd8 59. Qg8 Kc8 60.
Bc6+ Qd8 61. Qc4 Nd1 62. Qa6+ 1-0

[Event "37th ECC Women 2022"]
[Site "Mayrhofen AUT"]
[Date "2022.10.06"]
[Round "4.7"]
[Board "4"]
[White "Thomas, Apolline"]
[Black "Zarkovic, Mila"]
[Result "0-1"]
[BlackTitle "WIM"]
[WhiteElo "1942"]
[BlackElo "2219"]
[WhiteTeam "Philidor Mulhouse"]
[BlackTeam "Sirmium"]
[WhiteFideId "670480"]
[BlackFideId "900451"]
[EventDate "2022.10.03"]

1. e4 c5 2. Nc3 e6 3. Nf3 Nc6 4. Bb5 Nge7 5. d4 cxd4 6. Nxd4 a6 7. Nxc6 Nxc6 8.
Be2 Be7 9. Be3 b5 10. a3 O-O 11. O-O Bb7 12. f4 d6 13. Bg4 Bf6 14. f5 Qe7 15.
fxe6 fxe6 16. Rxf6 Qxf6 17. Qxd6 Rae8 18. Bh5 Rd8 19. Qg3 Qe5 20. Qxe5 Nxe5 21.
Bc5 Rf4 22. g3 Nf3+ 23. Kf2 Rd2+ 24. Ke3 Rxh2 25. Bxf3 Rf6 26. Rd1 h5 27. Rd8+
Kh7 28. Rd7 Bc6 29. Rd6 Bb7 30. Ne2 e5 31. Rd8 Rf7 32. Rf8 Rxf8 33. Bxf8 Kg6 34.
Be7 Kf7 35. Bd8 g6 36. b3 Ke6 37. c4 bxc4 38. bxc4 Bc6 39. c5 Kd7 40. Bf6 Ke6
41. Bd8 Kd7 42. Bg5 Ke6 43. Nc3 Rc2 44. Kd3 Rf2 45. Bd1 Rg2 46. Bh4 g5 47. Bxg5
Rxg3+ 48. Be3 h4 49. Bb3+ Kd7 50. Nd1 h3 51. Nf2 Bb5+ 52. Kd2 Rg2 53. Ke1 h2 54.
Bd1 Rxf2 0-1

[Event "37th ECC Women 2022"]
[Site "Mayrhofen AUT"]
[Date "2022.10.06"]
[Round "4.8"]
[Board "1"]
[White "Ptacnikova, Lenka"]
[Black "Peglau, Charis"]
[Result "1-0"]
[WhiteTitle "WGM"]
[WhiteElo "2055"]
[BlackElo "1960"]
[WhiteTeam "Garðabaer Chessclub"]
[BlackTeam "Schachzentrum Seeblick e.V."]
[WhiteFideId "305650"]
[BlackFideId "16219996"]
[EventDate "2022.10.03"]

1. c4 e6 2. Nf3 Nf6 3. e3 d5 4. b3 Be7 5. Bb2 O-O 6. Be2 c5 7. cxd5 Nxd5 8. O-O
Nc6 9. a3 b6 10. Qc2 Bb7 11. Rd1 Rc8 12. d3 Bf6 13. Nbd2 Bxb2 14. Qxb2 Qf6 15.
Qxf6 Nxf6 16. Nc4 Rfd8 17. h3 Nd5 18. Rdc1 f6 19. g4 g5 20. Kh2 Kg7 21. Kg3 h6
22. h4 Rc7 23. Rc2 Rcd7 24. Rac1 Nde7 25. hxg5 hxg5 26. Bf1 Ng6 27. Nb2 Nce5 28.
Nxe5 Nxe5 29. b4 Ba6 30. d4 Bxf1 31. dxe5 Bd3 32. Nxd3 Rxd3 33. bxc5 fxe5 34.
cxb6 axb6 35. Rc7+ R8d7 36. Rxd7+ Rxd7 37. Rc6 Kf6 38. Rxb6 Ra7 39. Rb3 Ra4 40.
f3 Ra5 41. e4 Ke7 42. Rd3 Ra6 43. Kf2 Rb6 44. Ke2 Rb2+ 45. Kd1 Rf2 46. Kc1 Rf1+
47. Kb2 Rf2+ 48. Kb3 Rf1 49. a4 Rb1+ 50. Kc4 Ra1 51. Kb4 Rb1+ 52. Rb3 Ra1 53.
Kb5 Kd6 54. a5 Kc7 55. a6 Ra2 56. Rc3+ Kd7 57. Rc4 Ra1 58. Ra4 Rb1+ 59. Rb4 Ra1
60. Kb6 Kc8 61. a7 Ra3 62. Rc4+ Kd7 63. Rc5 1-0

[Event "37th ECC Women 2022"]
[Site "Mayrhofen AUT"]
[Date "2022.10.06"]
[Round "4.8"]
[Board "2"]
[White "Peglau, Dora"]
[Black "Johannsdottir, Johanna Bjorg"]
[Result "1/2-1/2"]
[WhiteElo "1745"]
[BlackElo "1964"]
[WhiteTeam "Schachzentrum Seeblick e.V."]
[BlackTeam "Garðabaer Chessclub"]
[WhiteFideId "16220005"]
[BlackFideId "2303108"]
[EventDate "2022.10.03"]

1. d4 g6 2. Nf3 Bg7 3. Nbd2 d6 4. e4 Nd7 5. Bd3 e5 6. c3 Ngf6 7. O-O O-O 8. dxe5
dxe5 9. Nc4 Nc5 10. Nfxe5 Be6 11. Bc2 Ncxe4 12. Be3 Qe7 13. Qe2 Nd6 14. Nxd6
Qxd6 15. Nd3 Rfe8 16. Rad1 Bg4 17. f3 Bh6 18. fxg4 Bxe3+ 19. Nf2 Qb6 20. Ba4 Re4
21. Bc2 Rf4 22. g3 Rxf2 23. Rxf2 Bxf2+ 24. Qxf2 Qxf2+ 25. Kxf2 Nxg4+ 26. Kg1 Ne3
27. Rd2 Nxc2 28. Rxc2 Rd8 29. Kf2 f5 30. Re2 Kf7 31. h4 h6 32. a4 Kf6 33. Rc2
Rd1 34. Ke2 Ra1 35. b3 Ra3 36. Rb2 g5 37. hxg5+ Kxg5 38. Kf3 c5 39. c4 Ra1 40.
Rd2 Rf1+ 41. Kg2 Rb1 42. Rd3 Kg4 43. Kf2 Rb2+ 44. Kg1 h5 45. Kf1 b6 46. Re3 Rd2
47. Kg1 Rb2 48. Rd3 h4 49. gxh4 Kxh4 50. a5 Kg4 51. Rd7 Ra2 52. axb6 axb6 53.
Rd6 Rb2 54. Rxb6 Kg3 55. Kf1 f4 56. Rf6 Rxb3 57. Rf5 Kf3 58. Kg1 Rb1+ 59. Kh2
Rb4 60. Rxc5 Kf2 61. Rb5 Rxc4 62. Rb2+ Kf1 63. Rb1+ Ke2 64. Rb2+ Ke1 65. Kg2 Rc3
66. Rb1+ Ke2 67. Rb2+ Ke3 68. Rf2 Rc1 69. Rf3+ Ke4 70. Ra3 Rd1 71. Kf2 Rd2+ 72.
Ke1 Rg2 73. Kf1 Rh2 74. Kg1 Rb2 75. Kf1 Kf5 76. Ra5+ Kg4 77. Ra3 Rb1+ 78. Kf2
Rc1 79. Rb3 Rc4 80. Ra3 f3 81. Ra8 Rc2+ 82. Kf1 f2 83. Rf8 Kg3 84. Rg8+ Kf3 85.
Rf8+ 1/2-1/2

[Event "37th ECC Women 2022"]
[Site "Mayrhofen AUT"]
[Date "2022.10.06"]
[Round "4.8"]
[Board "3"]
[White "Thorsteinsdottir, Hallgerdur"]
[Black "Peglau, Mirjam"]
[Result "1-0"]
[WhiteTitle "WFM"]
[WhiteElo "1959"]
[BlackElo "1886"]
[WhiteTeam "Garðabaer Chessclub"]
[BlackTeam "Schachzentrum Seeblick e.V."]
[WhiteFideId "2302454"]
[BlackFideId "16211138"]
[EventDate "2022.10.03"]

1. e4 e6 2. d4 d5 3. Nd2 c5 4. Ngf3 cxd4 5. Nxd4 Nc6 6. Nxc6 bxc6 7. exd5 cxd5
8. Bd3 Nf6 9. O-O Be7 10. Nf3 O-O 11. Re1 Qb6 12. Qe2 a5 13. Ne5 Ba6 14. Bg5
Bxd3 15. Nxd3 h6 16. Bh4 Rac8 17. c3 Rc4 18. Bg3 Ne4 19. Be5 Bf6 20. Qe3 Qxe3
21. Rxe3 Bxe5 22. Nxe5 Rc7 23. c4 Nf6 24. cxd5 Nxd5 25. Ra3 Rfc8 26. g3 Rc2 27.
b3 R2c5 28. Nd3 Rc3 29. Rd1 Ra8 30. Ra4 Rc2 31. Rc1 Rd2 32. Ne5 Nb6 33. Nc4 Nxc4
34. Rcxc4 Rd5 35. b4 Kh7 36. Rc5 Rxc5 37. bxc5 Ra6 38. Kf1 Kg6 39. Ke2 e5 40.
Kd3 Kg5 41. h3 g6 42. Ke4 Kf6 43. Kd5 Ke7 44. Kxe5 f6+ 45. Kd5 Kd7 46. Rh4 Re6
47. Rxh6 Re5+ 48. Kc4 Kc6 49. Rxg6 Rxc5+ 50. Kd3 Rf5 51. f4 Kd5 52. Rg8 Rh5 53.
h4 Ke6 54. Kc4 Kd6 55. a4 Rc5+ 56. Kd4 Rd5+ 57. Ke4 Rh5 58. Rb8 Kc6 59. Rb5 Rxb5
60. axb5+ Kxb5 1-0

[Event "37th ECC Women 2022"]
[Site "Mayrhofen AUT"]
[Date "2022.10.06"]
[Round "4.8"]
[Board "4"]
[White "Peglau, Sarah"]
[Black "Thorsteinsdottir, Gudlaug"]
[Result "0-1"]
[BlackTitle "WFM"]
[WhiteElo "1794"]
[BlackElo "2014"]
[WhiteTeam "Schachzentrum Seeblick e.V."]
[BlackTeam "Garðabaer Chessclub"]
[WhiteFideId "16219961"]
[BlackFideId "2300753"]
[EventDate "2022.10.03"]

1. d4 d5 2. c4 e6 3. e3 Nf6 4. Nf3 c5 5. Nc3 Nc6 6. a3 a6 7. dxc5 Bxc5 8. b4 Bd6
9. Bb2 O-O 10. Rc1 Re8 11. Qc2 dxc4 12. Bxc4 b5 13. Bd3 Bb7 14. Ne4 Bxb4+ 15.
axb4 Nxb4 16. Nxf6+ Kh8 17. Qc3 Nxd3+ 18. Kf1 Rc8 19. Qd2 Rxc1+ 20. Bxc1 gxf6
21. Ba3 Qd5 22. Ke2 Ne5 23. Nxe5 fxe5 24. Bb2 f6 25. Rg1 Qc4+ 26. Ke1 Rc8 27. f4
Qe4 28. fxe5 0-1

[Event "37th ECC Women 2022"]
[Site "Mayrhofen AUT"]
[Date "2022.10.07"]
[Round "5.1"]
[Board "1"]
[White "Kashlinskaya, Alina"]
[Black "Bulmaga, Irina"]
[Result "1-0"]
[WhiteTitle "IM"]
[BlackTitle "IM"]
[WhiteElo "2482"]
[BlackElo "2417"]
[WhiteTeam "BGK KS Gwiazda Bydgoszcz"]
[BlackTeam "CSU ASE Superbet"]
[WhiteFideId "4198026"]
[BlackFideId "13903063"]
[EventDate "2022.10.03"]

1. d4 Nf6 2. c4 e6 3. Nc3 Bb4 4. e3 O-O 5. Bd3 d5 6. a3 Bxc3+ 7. bxc3 dxc4 8.
Bxc4 c5 9. Ne2 Qc7 10. Bd3 e5 11. dxe5 Qxe5 12. O-O Bf5 13. Bxf5 Qxf5 14. f3 Nc6
15. e4 Qe6 16. Be3 Rfd8 17. Qa4 a6 18. Bxc5 Rd2 19. Nf4 Qe5 20. Be3 Rd7 21. Qc2
Rad8 22. Ne2 Nd5 23. Bd4 Nxd4 24. cxd4 Qc7 25. Rfc1 Qxc2 26. Rxc2 Ne7 27. d5 Nc8
28. Nd4 Ne7 29. Rac1 g5 30. Rc7 Kg7 31. Nb3 b5 32. Na5 Kf6 33. Nb7 Rxc7 34. Rxc7
Rc8 35. e5+ Kxe5 36. Rxe7+ Kxd5 37. Rxf7 Rc3 38. Rf5+ Kd4 39. Rxg5 Rxa3 40. Nd8
b4 41. Nc6+ Kc3 42. Rc5+ Kb3 43. f4 Ra2 44. f5 Rd2 45. f6 Rd1+ 46. Kf2 Rd6 47.
Na5+ Ka4 48. Rf5 Rd8 49. Nb7 Rf8 50. Nc5+ Ka3 51. Rf3+ Ka2 52. f7 a5 53. Ne6
Rxf7 54. Rxf7 a4 55. Nc5 1-0

[Event "37th ECC Women 2022"]
[Site "Mayrhofen AUT"]
[Date "2022.10.07"]
[Round "5.1"]
[Board "2"]
[White "Saduakassova, Dinara"]
[Black "Kiolbasa, Oliwia"]
[Result "1/2-1/2"]
[WhiteTitle "IM"]
[BlackTitle "WIM"]
[WhiteElo "2434"]
[BlackElo "2404"]
[WhiteTeam "CSU ASE Superbet"]
[BlackTeam "BGK KS Gwiazda Bydgoszcz"]
[WhiteFideId "13700090"]
[BlackFideId "1154613"]
[EventDate "2022.10.03"]

1. c4 e6 2. Nc3 d5 3. d4 Nf6 4. cxd5 exd5 5. Bg5 c6 6. e3 h6 7. Bh4 Be7 8. Bd3
O-O 9. Nge2 Re8 10. O-O Nbd7 11. a4 Bd6 12. Bg3 Bxg3 13. Nxg3 a5 14. Qd2 Nf8 15.
Rad1 Ne6 16. Bc2 Ng5 17. f3 Qb6 18. h4 Ne6 19. Nf5 Bd7 20. e4 c5 21. Nxd5 Nxd5
22. exd5 Nxd4 23. Nxd4 cxd4 24. Qxd4 Qd6 25. Rf2 Rac8 26. Bb1 Rc5 27. Rc2 Rxc2
28. Bxc2 b5 29. axb5 Bxb5 30. Be4 a4 31. Kf2 Bd7 32. Bd3 Rb8 33. Rc1 h5 34. Rc2
Re8 35. Re2 Rb8 36. Rc2 Re8 37. Re2 Rb8 38. Rc2 1/2-1/2

[Event "37th ECC Women 2022"]
[Site "Mayrhofen AUT"]
[Date "2022.10.07"]
[Round "5.1"]
[Board "3"]
[White "Antolak, Julia"]
[Black "Atalik, Ekaterina"]
[Result "0-1"]
[WhiteTitle "WGM"]
[BlackTitle "IM"]
[WhiteElo "2315"]
[BlackElo "2406"]
[WhiteTeam "BGK KS Gwiazda Bydgoszcz"]
[BlackTeam "CSU ASE Superbet"]
[WhiteFideId "1159569"]
[BlackFideId "4130189"]
[EventDate "2022.10.03"]

1. e4 e5 2. Nf3 Nc6 3. Bb5 g6 4. d4 exd4 5. c3 dxc3 6. Nxc3 Bg7 7. Bg5 f6 8. Bh4
d6 9. O-O Ne7 10. Qb3 Bd7 11. Rad1 Na5 12. Qc2 O-O 13. Be2 Nac6 14. b4 a6 15. a4
g5 16. Bg3 g4 17. Nh4 Kh8 18. b5 axb5 19. axb5 Ne5 20. b6 f5 21. exf5 Nxf5 22.
bxc7 Qxc7 23. Nxf5 Bxf5 24. Qb3 Qc5 25. Na4 Qc2 26. Qxc2 Bxc2 27. Nb6 Bxd1 28.
Rxd1 Ra2 29. Bf1 Rb2 30. Rxd6 Nf7 31. Re6 Ng5 32. Re5 Rxb6 33. Rxg5 Rb1 34. Rxg4
Rd8 35. Re4 h6 0-1

[Event "37th ECC Women 2022"]
[Site "Mayrhofen AUT"]
[Date "2022.10.07"]
[Round "5.1"]
[Board "4"]
[White "Efroimski, Marsel"]
[Black "Majdan, Joanna"]
[Result "1-0"]
[WhiteTitle "IM"]
[BlackTitle "WGM"]
[WhiteElo "2462"]
[BlackElo "2301"]
[WhiteTeam "CSU ASE Superbet"]
[BlackTeam "BGK KS Gwiazda Bydgoszcz"]
[WhiteFideId "2810964"]
[BlackFideId "1121979"]
[EventDate "2022.10.03"]

1. e4 c5 2. Nf3 Nc6 3. d4 cxd4 4. Nxd4 Nf6 5. Nc3 d6 6. Bg5 e6 7. Qd3 a6 8. Nxc6
bxc6 9. O-O-O Qa5 10. h4 Rb8 11. Qg3 h6 12. Bxf6 gxf6 13. Bc4 h5 14. Rd3 Qc5 15.
Bb3 a5 16. Rhd1 e5 17. Na4 Qb4 18. f3 Ba6 19. a3 Qb5 20. Rxd6 Bxd6 21. Qg7 Qxb3
22. cxb3 Ke7 23. Rxd6 Kxd6 24. Qxf6+ Kc7 25. Qxf7+ 1-0

[Event "37th ECC Women 2022"]
[Site "Mayrhofen AUT"]
[Date "2022.10.07"]
[Round "5.2"]
[Board "1"]
[White "Salimova, Nurgyul"]
[Black "Danielian, Elina"]
[Result "1/2-1/2"]
[WhiteTitle "IM"]
[BlackTitle "GM"]
[WhiteElo "2415"]
[BlackElo "2431"]
[WhiteTeam "SK Erste Bank Baden"]
[BlackTeam "ASVOe Pamhagen"]
[WhiteFideId "2915138"]
[BlackFideId "13300210"]
[EventDate "2022.10.03"]

1. d4 d5 2. Nf3 Nf6 3. c4 dxc4 4. e3 e6 5. Bxc4 c5 6. O-O Nc6 7. Nc3 a6 8. Be2
cxd4 9. exd4 Be7 10. Bf4 O-O 11. Rc1 Nb4 12. Ne5 Nbd5 13. Bg3 Bd7 14. Qb3 b5 15.
Bf3 Be8 16. Nxd5 Nxd5 17. Bxd5 Qxd5 18. Qxd5 exd5 19. Nd3 Bd7 20. Rfe1 Rfe8 21.
Rc7 Be6 22. Nc5 Bf6 23. Be5 Bf5 24. f3 h5 25. Kf2 Bg5 26. Nb7 Rac8 27. Rxc8 Rxc8
28. Nc5 a5 29. g3 Be7 30. Rc1 f6 31. Bf4 g5 32. Bd2 b4 33. a3 bxa3 34. bxa3 a4
35. Bb4 Bxc5 36. Rxc5 Rxc5 37. Bxc5 Kf7 38. Ke3 Ke6 39. Kd2 Bb1 40. Ke3 Bc2 41.
Kd2 Bb3 42. Ke3 Bd1 43. Bb4 1/2-1/2

[Event "37th ECC Women 2022"]
[Site "Mayrhofen AUT"]
[Date "2022.10.07"]
[Round "5.2"]
[Board "2"]
[White "Ushenina, Anna"]
[Black "Roebers, Eline"]
[Result "1-0"]
[WhiteTitle "GM"]
[WhiteElo "2445"]
[BlackElo "2352"]
[WhiteTeam "ASVOe Pamhagen"]
[BlackTeam "SK Erste Bank Baden"]
[WhiteFideId "14110911"]
[BlackFideId "1058401"]
[EventDate "2022.10.03"]

1. d4 Nf6 2. c4 e6 3. Nf3 d5 4. e3 c6 5. Bd3 Nbd7 6. O-O Bd6 7. Nbd2 O-O 8. e4
dxe4 9. Nxe4 Nxe4 10. Bxe4 Nf6 11. Bc2 b6 12. Qd3 Bb7 13. Bg5 g6 14. Rad1 Be7
15. Qe2 Rc8 16. Rfe1 Nh5 17. Bh6 Re8 18. a3 Qc7 19. Ne5 Bf6 20. c5 Rcd8 21. g4
Ng7 22. Qf3 Qe7 23. b4 Rf8 24. Be4 Rxd4 25. Nd7 Rxd7 26. Rxd7 Qxd7 27. Qxf6 Ne8
28. Qc3 f6 29. Bxf8 Kxf8 30. b5 e5 31. Bf3 1-0

[Event "37th ECC Women 2022"]
[Site "Mayrhofen AUT"]
[Date "2022.10.07"]
[Round "5.2"]
[Board "3"]
[White "Wagner, Dinara"]
[Black "Osmak, Yuliia"]
[Result "1-0"]
[WhiteTitle "WGM"]
[BlackTitle "IM"]
[WhiteElo "2390"]
[BlackElo "2428"]
[WhiteTeam "SK Erste Bank Baden"]
[BlackTeam "ASVOe Pamhagen"]
[WhiteFideId "24157570"]
[BlackFideId "14101602"]
[EventDate "2022.10.03"]

1. d4 d5 2. c4 dxc4 3. Nf3 Nf6 4. e3 e6 5. Bxc4 c5 6. O-O Nc6 7. a3 a6 8. dxc5
Qxd1 9. Rxd1 Bxc5 10. Be2 O-O 11. b4 Be7 12. Bb2 Bd7 13. Nbd2 Rfd8 14. Nb3 Be8
15. Rac1 Rxd1+ 16. Bxd1 Rd8 17. Be2 Ne4 18. Nfd4 Nxd4 19. Bxd4 Bb5 20. Bxb5 axb5
21. Na5 Nd6 22. Bc5 Rc8 23. Rd1 b6 24. Bxb6 Nc4 25. Nxc4 Rxc4 26. g3 h5 27. Rd7
Bf6 28. Rb7 h4 29. Kg2 Bb2 30. Bc5 Bxa3 31. Rxb5 Kh7 32. Be7 hxg3 33. hxg3 Rc3
34. Rb7 Rb3 35. Kf3 Kg6 36. g4 Rb2 37. Bf8 Rb3 38. Ke4 Rc3 39. f4 Rc4+ 40. Kd3
Rc1 41. Ra7 Bb2 42. b5 Rc3+ 43. Kd2 Rb3 44. Rb7 Ba3 45. Bxa3 Rxa3 46. b6 Rb3 47.
Kc2 Rxe3 48. Rd7 Re4 49. Kc3 Re1 50. Rd2 Rh1 51. b7 Rh8 52. Kc4 Kf6 53. Rd7 g5
54. fxg5+ Kxg5 55. Rxf7 Kxg4 56. Kd4 Re8 57. Ke5 Kg5 58. Rg7+ Kh6 59. Rc7 1-0